[Event "Matanzas Province-ch final"]
[Site "Jaguey Grande"]
[Date "2007.10.10"]
[Round "10"]
[White "Acosta Pedroso, Gerardo"]
[Black "Martinez Socorro, Noel"]
[Result "1/2-1/2"]
[WhiteElo "2129"]
[BlackElo "2207"]
[PlyCount "43"]
[EventDate "2007.10.01"]
[EventType "tourn"]
[EventRounds "15"]
[EventCountry "CUB"]
[EventCategory "1"]
[SourceTitle "EXT 2019"]
[Source "ChessBase"]
[SourceDate "2018.10.10"]
[SourceVersion "1"]
[SourceVersionDate "2018.10.10"]
[SourceQuality "1"]

1. d4 Nf6 2. c4 e6 3. Nc3 Bb4 4. Qc2 c5 5. dxc5 0-0 6. a3 Bxc5 7. Nf3 b6 8. Bf4 d5 9. Rd1 Bb7 10. e3 Nbd7 11. cxd5 exd5 12. Be2 Rc8 13. Qf5 Qe7 14. 0-0 Qe6 15. Qb1 h6 16. Nd4 Bxd4 17. Rxd4 Nc5 18. Rdd1 Rfd8 19. Nb5 a6 20. Nd4 Qe4 21. Qa2 Qg6 22. h3 1/2-1/2

[Event "Matanzas Province-ch final"]
[Site "Jaguey Grande"]
[Date "2007.10.06"]
[Round "6"]
[White "Martinez Socorro, Noel"]
[Black "Ramon Vazquez, Jose"]
[Result "1-0"]
[WhiteElo "2207"]
[BlackElo "1915"]
[PlyCount "43"]
[EventDate "2007.10.01"]
[EventType "tourn"]
[EventRounds "15"]
[EventCountry "CUB"]
[EventCategory "1"]
[SourceTitle "EXT 2019"]
[Source "ChessBase"]
[SourceDate "2018.10.10"]
[SourceVersion "1"]
[SourceVersionDate "2018.10.10"]
[SourceQuality "1"]

1. e4 c5 2. Nf3 Nc6 3. c3 e5 4. d4 cxd4 5. cxd4 exd4 6. Bc4 Bb4+ 7. Bd2 Bxd2+ 8. Nbxd2 Nh6 9. 0-0 0-0 10. Nb3 d6 11. Nbxd4 Ne5 12. Be2 Qf6 13. Qd2 Bd7 14. Rad1 Rfd8 15. Ng5 Be6 16. b3 Nc6 17. Ndxe6 fxe6 18. Nxe6 Qxe6 19. Bc4 d5 20. exd5 Kf8 21. dxe6 Rxd2 22. Rxd2 1-0

[Event "Matanzas Province-ch final"]
[Site "Jaguey Grande"]
[Date "2007.10.04"]
[Round "4"]
[White "Martinez Socorro, Noel"]
[Black "Oliva Castaneda, Kevel"]
[Result "1-0"]
[WhiteElo "2207"]
[BlackElo "2114"]
[PlyCount "47"]
[EventDate "2007.10.01"]
[EventType "tourn"]
[EventRounds "15"]
[EventCountry "CUB"]
[EventCategory "1"]
[SourceTitle "EXT 2019"]
[Source "ChessBase"]
[SourceDate "2018.10.10"]
[SourceVersion "1"]
[SourceVersionDate "2018.10.10"]
[SourceQuality "1"]

1. e4 c5 2. c3 d5 3. exd5 Qxd5 4. d4 Nc6 5. Nf3 cxd4 6. cxd4 e5 7. Nc3 Bb4 8. Bd2 Bxc3 9. Bxc3 e4 10. Ne5 Nxe5 11. dxe5 Ne7 12. Qa4+ Bd7 13. Qb4 Nc6 14. Qxb7 Rd8 15. Be2 0-0 16. Rd1 Qxa2 17. Rxd7 Rxd7 18. Qxd7 Rd8 19. Qg4 Qb1+ 20. Bd1 e3 21. fxe3 Qd3 22. Qe2 Qd5 23. 0-0 Nxe5 24. Bc2 1-0

[Event "Matanzas Province-ch sf"]
[Site "Matanzas"]
[Date "2007.09.14"]
[Round "4"]
[White "Martinez Socorro, Noel"]
[Black "Borges Feria, Yasel"]
[Result "1/2-1/2"]
[WhiteElo "2207"]
[BlackElo "2349"]
[PlyCount "43"]
[EventDate "2007.09.11"]
[EventType "swiss"]
[EventRounds "9"]
[EventCountry "CUB"]
[SourceTitle "EXT 2019"]
[Source "ChessBase"]
[SourceDate "2018.10.10"]
[SourceVersion "1"]
[SourceVersionDate "2018.10.10"]
[SourceQuality "1"]

1. e4 e5 2. Nf3 Nc6 3. Bc4 Nf6 4. d3 Be7 5. 0-0 0-0 6. Re1 d6 7. c3 Bg4 8. h3 Bh5 9. Nbd2 Na5 10. Bb5 a6 11. Ba4 b5 12. Bc2 c5 13. Nf1 Nc6 14. g4 Bg6 15. Ng3 d5 16. Qe2 Re8 17. Nh4 dxe4 18. dxe4 Nd7 19. Nhf5 Nf8 20. Nxe7+ Nxe7 21. Nf5 f6 22. a4 1/2-1/2

[Event "Matanzas Province-ch sf"]
[Site "Matanzas"]
[Date "2007.09.12"]
[Round "2"]
[White "Martinez Socorro, Noel"]
[Black "Powers Roibal, Frank"]
[Result "1-0"]
[WhiteElo "2207"]
[BlackElo "1805"]
[PlyCount "55"]
[EventDate "2007.09.11"]
[EventType "swiss"]
[EventRounds "9"]
[EventCountry "CUB"]
[SourceTitle "EXT 2019"]
[Source "ChessBase"]
[SourceDate "2018.10.10"]
[SourceVersion "1"]
[SourceVersionDate "2018.10.10"]
[SourceQuality "1"]

1. e4 c5 2. Nf3 d6 3. d4 cxd4 4. Nxd4 Nf6 5. Nc3 a6 6. Bc4 e6 7. Bb3 b5 8. 0-0 Be7 9. f4 Bb7 10. Be3 b4 11. e5 bxc3 12. exf6 Bxf6 13. f5 e5 14. Ba4+ Kf8 15. Ne2 cxb2 16. Rb1 Bc6 17. c3 Qd7 18. Bxc6 Qxc6 19. Rxb2 Nd7 20. Qd2 Ke7 21. c4 Rhb8 22. Rc2 Kf8 23. g4 h6 24. Ng3 Rc8 25. Nh5 Ke7 26. Qe1 Qe4 27. Qe2 d5 28. Ng3 1-0

[Event "Matanzas Batalla de Ideas-A 4th"]
[Site "Matanzas"]
[Date "2007.07.18"]
[Round "5"]
[White "Martinez Socorro, Noel"]
[Black "Vega Chirino, Lemay"]
[Result "1/2-1/2"]
[WhiteElo "2207"]
[BlackElo "2294"]
[PlyCount "34"]
[EventDate "2007.07.15"]
[EventType "tourn"]
[EventRounds "11"]
[EventCountry "CUB"]
[EventCategory "1"]
[SourceTitle "EXT 2019"]
[Source "ChessBase"]
[SourceDate "2018.10.10"]
[SourceVersion "1"]
[SourceVersionDate "2018.10.10"]
[SourceQuality "1"]

1. e4 c5 2. Nf3 Nc6 3. c3 d5 4. exd5 Qxd5 5. d4 e5 6. Nxe5 Nxe5 7. dxe5 Qxe5+ 8. Be3 Bd7 9. Nd2 Nf6 10. Nf3 Qd5 11. Be2 Be7 12. Bg5 h6 13. Qxd5 Nxd5 14. Bxe7 Kxe7 15. 0-0-0 Nf4 16. Bc4 Be6 17. Bxe6 Nxe6 1/2-1/2

[Event "Cardenas Cup 3rd"]
[Site "Cardenas"]
[Date "2007.05.04"]
[Round "13"]
[White "Martinez Socorro, Noel"]
[Black "Gonzalez Mesa, Daniel"]
[Result "1-0"]
[WhiteElo "2210"]
[BlackElo "2094"]
[PlyCount "111"]
[EventDate "2007.04.28"]
[EventType "tourn"]
[EventRounds "18"]
[EventCountry "CUB"]
[SourceTitle "EXT 2019"]
[Source "ChessBase"]
[SourceDate "2018.10.10"]
[SourceVersion "1"]
[SourceVersionDate "2018.10.10"]
[SourceQuality "1"]

1. e4 d6 2. d4 Nf6 3. Nc3 g6 4. f3 Bg7 5. Be3 c6 6. Qd2 Nbd7 7. Nh3 b5 8. Be2 0-0 9. Nf2 Nb6 10. 0-0 b4 11. Nb1 a5 12. a3 bxa3 13. Rxa3 a4 14. Nc3 Ba6 15. Bxa6 Rxa6 16. b3 Nfd7 17. Rfa1 c5 18. Nxa4 Qc7 19. Nxb6 Rxa3 20. Rxa3 Nxb6 21. c4 Rb8 22. Nd1 h5 23. Nc3 e6 24. Nb5 Qc6 25. d5 exd5 26. exd5 Qd7 27. Bf4 Nc8 28. Qd3 Rb6 29. Ra8 Qb7 30. Ra2 Ra6 31. Qe2 Rxa2 32. Qxa2 Qe7 33. Qd2 Be5 34. Kf2 h4 35. Bxe5 Qxe5 36. Qe2 Qf5 37. Qe4 Qxe4 38. fxe4 Kf8 39. Kf3 f6 40. Kg4 g5 41. Kf3 Ke7 42. Ke3 Nb6 43. Na7 Nd7 44. Nc6+ Kf7 45. Na7 Nb6 46. Nc6 Nd7 47. Kd3 Nf8 48. b4 cxb4 49. Nxb4 Ng6 50. g3 Ne5+ 51. Kc3 Nf3 52. gxh4 gxh4 53. h3 Ng5 54. Kd4 Nxh3 55. Nd3 Ng5 56. Nf2 1-0

[Event "Cardenas Cup 3rd"]
[Site "Cardenas"]
[Date "2007.04.29"]
[Round "4"]
[White "Gonzalez Mesa, Daniel"]
[Black "Martinez Socorro, Noel"]
[Result "0-1"]
[WhiteElo "2094"]
[BlackElo "2210"]
[PlyCount "78"]
[EventDate "2007.04.28"]
[EventType "tourn"]
[EventRounds "18"]
[EventCountry "CUB"]
[SourceTitle "EXT 2019"]
[Source "ChessBase"]
[SourceDate "2018.10.10"]
[SourceVersion "1"]
[SourceVersionDate "2018.10.10"]
[SourceQuality "1"]

1. e4 c5 2. d3 Nc6 3. Nf3 g6 4. g3 Bg7 5. Bg2 d6 6. 0-0 e5 7. c3 Nge7 8. Nbd2 0-0 9. Nc4 h6 10. a4 Bg4 11. h3 Be6 12. Bd2 Qd7 13. Kh2 f5 14. Qe2 Rf7 15. Ng1 d5 16. exf5 gxf5 17. Na3 Raf8 18. f4 e4 19. Nc2 Rd8 20. Be1 d4 21. c4 Bxc4 22. dxc4 d3 23. Qd1 dxc2 24. Qxc2 Nd4 25. Qf2 Qe6 26. Bd2 Nb3 27. Be3 Nxa1 28. Rxa1 b6 29. Rc1 Nc6 30. g4 Rd3 31. gxf5 Qxf5 32. Ne2 Rfd7 33. Ng3 Qg6 34. Kh1 Bd4 35. Bxd4 Nxd4 36. Nf1 e3 37. Bd5+ Kf8 38. Qh2 e2 39. f5 Nxf5 0-1

[Event "Cardenas Cup 3rd"]
[Site "Cardenas"]
[Date "2007.04.29"]
[Round "3"]
[White "Martinez Socorro, Noel"]
[Black "Alonso Bouza, Julio Javier"]
[Result "0-1"]
[WhiteElo "2210"]
[BlackElo "2142"]
[PlyCount "75"]
[EventDate "2007.04.28"]
[EventType "tourn"]
[EventRounds "18"]
[EventCountry "CUB"]
[SourceTitle "EXT 2019"]
[Source "ChessBase"]
[SourceDate "2018.10.10"]
[SourceVersion "1"]
[SourceVersionDate "2018.10.10"]
[SourceQuality "1"]

1. e4 d6 2. d4 Nf6 3. Nc3 g6 4. f3 c6 5. Be3 b5 6. Qd2 Nbd7 7. Nh3 Nb6 8. Nf2 Qc7 9. Be2 e5 10. 0-0 Bg7 11. dxe5 dxe5 12. Bxb5 cxb5 13. Nxb5 Qc6 14. Nd6+ Kf8 15. f4 Ne8 16. fxe5 Nxd6 17. exd6 Nc4 18. Qb4 Kg8 19. Bf4 a5 20. Qe1 Bxb2 21. Rd1 Bg7 22. Qe2 Ne5 23. Rd5 Nd7 24. Rfd1 h5 25. e5 Nf8 26. Qd2 Bd7 27. Ne4 Ne6 28. Be3 Qc4 29. Ng5 Nxg5 30. Bxg5 a4 31. a3 Kh7 32. Qf2 Qg4 33. Be7 Qe6 34. c4 Rac8 35. Qd4 Qg4 36. Rd2 Qxd4+ 37. R2xd4 Rhe8 38. Ra5 0-1

[Event "Cardenas Cup 3rd"]
[Site "Cardenas"]
[Date "2007.04.28"]
[Round "2"]
[White "Calvo Buides, Arnaldo"]
[Black "Martinez Socorro, Noel"]
[Result "0-1"]
[WhiteElo "2101"]
[BlackElo "2210"]
[PlyCount "78"]
[EventDate "2007.04.28"]
[EventType "tourn"]
[EventRounds "18"]
[EventCountry "CUB"]
[SourceTitle "EXT 2019"]
[Source "ChessBase"]
[SourceDate "2018.10.10"]
[SourceVersion "1"]
[SourceVersionDate "2018.10.10"]
[SourceQuality "1"]

1. e4 c5 2. b3 Nc6 3. Bb2 d6 4. Bb5 Bd7 5. Ne2 Nf6 6. Bxc6 Bxc6 7. d3 g6 8. 0-0 Bg7 9. Nd2 0-0 10. Rb1 e5 11. Ng3 h5 12. h3 Bh6 13. Nc4 b5 14. Ne3 Ne8 15. Bc1 Ng7 16. Nd5 Bxc1 17. Qxc1 Bxd5 18. exd5 f5 19. f4 Qh4 20. Ne2 Rae8 21. Kh2 e4 22. d4 Rc8 23. Qe3 b4 24. c4 bxc3 25. Nxc3 Qf6 26. Rbd1 Rf7 27. dxc5 Rxc5 28. Na4 Rcc7 29. Rd2 h4 30. Rff2 Nh5 31. Rc2 Ng3 32. Rb2 Rf8 33. Rb1 Rfc8 34. Kg1 Qg7 35. Nb2 Rc3 36. Qe1 e3 37. Rf3 Rc1 38. Rxc1 Rxc1 39. Nd1 e2 0-1